[Event "TUR-chT Superleague 2018"]
[Site "Ankara"]
[Date "2018.08.01"]
[Round "8"]
[White "Kovalev, Vladislav"]
[Black "Safarli, Eltaj"]
[Result "1/2-1/2"]
[WhiteElo "2667"]
[BlackElo "2676"]
[Annotator "TA"]
[PlyCount "60"]
[EventDate "2018.07.25"]
[EventType "team-tourn"]
[EventCountry "TUR"]
[SourceTitle "playchess.com"]
[Source "ChessBase"]
[SourceQuality "1"]

{[%evp 30,60,29,25,47,0,0,0,0,0,0,0,0,-8,0,0,0,0,0,0,0,0,0,0,0,0,0,0,0,0,0,0,-71]} 1. e4 e5 2. Nf3 Nf6 3. d4 Nxe4 4. Bd3 d5 5. Nxe5 Nd7 6. Nxd7 Bxd7 7. O-O Bd6 8. c4 c6 9. cxd5 cxd5 10. Nc3 Nxc3 11. bxc3 O-O 12. Qh5 {C43: Petroff Defence: 3 d4} g6 13. Qxd5 Qc7 14. g3 Be6 (14... Bh3 15. Rd1 Bg4 16. Re1 Qxc3 17. Bh6 Rfe8 18. Be4 Ba3 19. Qxb7 Rad8 {½-½ (32) Huschenbeth,N (2601)-Bindrich,F (2604) Austria 2018}) 15. Qf3 Qxc3 16. Rb1 {LiveBook: 11 Games} Bc4 17. Bh6 $146 {[#] Threatening mate with Qf6.} ({Predecessor:} 17. Rd1 Bxd3 18. Rxd3 Qc2 19. Rdb3 b6 {0-1 (52) Popadic,D-Vulinovic,R (2219) Belgrade 2014}) 17... Rfd8 {The position is equal.} ({Don't go for} 17... Bxd3 $2 18. Qf6 $18) 18. Qf6 {[%csl Gh6][%cal Rf6g7]} Bf8 19. Bxc4 Qxc4 20. Bxf8 Rxf8 21. Rfd1 Qxa2 22. d5 a5 23. d6 a4 24. Rxb7 a3 25. d7 Qe6 26. d8=Q Raxd8 (26... Rfxd8 $2 {perishes.} 27. Rxd8+ Rxd8 28. Qxd8+ $18) 27. Qxd8 Rxd8 28. Rxd8+ Kg7 29. Ra7 $1 a2 (29... Qe1+ $11 30. Kg2 Qe4+ 31. Kg1 h5) 30. Rda8 $1 $17 Qe1+ {Precision: White = 76%, Black = 69%.} 1/2-1/2

[Event "TUR-chT Superleague 2018"]
[Site "Ankara"]
[Date "2018.08.01"]
[Round "8"]
[White "Kravtsiv, Martyn"]
[Black "Abasov, Nijat"]
[Result "1/2-1/2"]
[WhiteElo "2654"]
[BlackElo "2623"]
[Annotator "TA"]
[PlyCount "100"]
[EventDate "2018.07.25"]
[EventType "team-tourn"]
[EventCountry "TUR"]
[SourceTitle "playchess.com"]
[Source "ChessBase"]
[SourceQuality "1"]

{[%evp 22,100,10,6,16,6,12,0,0,0,9,24,20,18,33,41,29,0,0,0,0,1,8,-29,-27,-21,0,0,0,0,0,0,0,0,-4,-35,0,0,0,0,0,0,13,10,0,0,0,0,165,167,74,-25,-27,-29,-31,-25,-29,-27,-25,-25,-21,-34,-34,-34,-34,-34,-34,-51,-38,-38,-38,-194,-64,-194,-64,-64,-64,-69,0,0,0]} 1. Nf3 d5 2. g3 g6 3. Bg2 Bg7 4. d4 Nf6 5. O-O O-O 6. c4 c6 7. b3 a5 8. Nc3 Ne4 9. Bb2 Nxc3 {A11: English Opening: 1...c6} (9... Bf5 10. e3 Nxc3 11. Bxc3 Be4 12. Qe2 e6 13. Rfd1 Nd7 14. Bf1 g5 15. Rac1 Bxf3 16. Qxf3 f5 17. Bd3 Nf6 18. cxd5 cxd5 {½-½ (29) Jakovenko,D (2709)-Ding,L (2760) Sharjah 2017}) 10. Bxc3 Nd7 11. cxd5 cxd5 12. Ne5 {LiveBook: 5 Games} e6 13. Rc1 {[#]} b5 $146 ({Predecessor:} 13... Qb6 14. Bb2 Rd8 15. Qd3 a4 16. Rc2 Nxe5 17. dxe5 axb3 18. axb3 Bd7 19. Bd4 Qa6 20. Qe3 Rdc8 21. Rfc1 Rxc2 {½-½ (21) Hausrath,D (2537)-Ruck,R (2555) Germany 2011}) 14. Qd2 b4 15. Bb2 Ba6 16. Nc6 Qb6 17. Rc2 Rfe8 18. Rfc1 Bf8 19. e4 dxe4 20. Bxe4 {Hoping for d5.} Nf6 21. Bg2 Nd5 22. Bxd5 exd5 23. Ne5 $1 Rec8 24. Qf4 Qe6 25. Rc6 $1 {[%cal Rc6e6]} Qe8 26. h4 Rxc6 27. Rxc6 Bc8 28. Bc1 Be6 29. Be3 a4 30. Rb6 axb3 31. axb3 Ra3 32. Nd3 Rxb3 33. Nc5 Rb1+ 34. Kh2 {And now Qe5 would win.} Bf5 $2 (34... Bc8 $11 {and Black stays safe.}) 35. Rb8 $18 Qe7 {[#]} 36. Bd2 {[#]} (36. h5 $1 $16 {[%mdl 512]}) 36... b3 $1 $11 {[%mdl 512]} 37. Qe3 (37. Rxb3 Rxb3) 37... Qxe3 38. Bxe3 {White wants to mate with Bh6.} Kg7 {White must now prevent ...b2.} 39. Rxb3 Rxb3 40. Nxb3 {[%mdl 4096] Endgame KBB-KBN} Kf6 41. Kg2 Ke6 42. Kf3 Kd6 43. g4 Bc2 44. Nd2 Bd1+ 45. Kg3 Kc6 46. Bf4 $2 {[#]} ({White should play} 46. Nb1 $1 $15) 46... Kb5 ({Black should try} 46... Bg7 $1 $19 47. Be5 f6) 47. Nf1 {[#]} (47. Be5 $1 $15) 47... Bb3 (47... Bg7 $1 $19 48. Ne3 Bb3) 48. Be5 Be7 49. g5 Kc6 (49... Kb4 $15) 50. Ne3 Kd7 {Precision: White = 57%, Black = 42%.} 1/2-1/2

[Event "TUR-chT Superleague 2018"]
[Site "Ankara"]
[Date "2018.08.01"]
[Round "8"]
[White "Kuzubov, Yuriy"]
[Black "Goganov, Aleksey"]
[Result "1-0"]
[WhiteElo "2647"]
[BlackElo "2586"]
[Annotator "TA"]
[PlyCount "97"]
[EventDate "2018.07.25"]
[EventType "team-tourn"]
[EventCountry "TUR"]
[SourceTitle "playchess.com"]
[Source "ChessBase"]
[SourceQuality "1"]

{[%evp 21,97,0,4,0,0,0,0,0,0,0,0,0,0,0,0,0,33,0,11,8,12,0,0,0,18,33,26,8,15,13,26,31,23,26,33,23,27,21,21,21,45,45,40,45,49,8,76,74,78,15,24,0,65,79,88,39,89,65,179,89,150,135,155,145,269,244,433,421,5907,5926,5630,5704,5081,4598,1564,1563,29998,29999]} 1. d4 d5 2. c4 c6 3. Nf3 Nf6 4. e3 Bg4 5. Nc3 e6 6. h3 Bh5 7. Qb3 {D11: Slav Defence: 3 Nf3 sidelines and 3...Nf6 4 e3 Bg4} (7. g4 Bg6 8. Ne5 Nbd7 9. Nxg6 hxg6 10. g5 Ne4 11. Nxe4 dxe4 12. h4 Bb4+ 13. Bd2 Qa5 14. a3 Bxd2+ 15. Qxd2 Qxd2+ 16. Kxd2 {½-½ (35) Ding,L (2777)-Saric,I (2669) Riadh 2017}) 7... Qb6 8. Nh4 Nbd7 9. g4 Bg6 10. Nxg6 hxg6 11. Bg2 g5 {LiveBook: 45 Games} 12. Bd2 Be7 13. O-O-O Qxb3 14. axb3 O-O-O 15. Rhf1 $146 Nf8 {[%cal Bd7f8,Bf8g6,Bg6h4][%mdl 32]} 16. f4 gxf4 17. Rxf4 Ng6 18. Rf2 Nh4 19. Bh1 Rdf8 20. Rdf1 Ng6 21. cxd5 exd5 22. g5 Nh7 23. e4 Bxg5 24. Rxf7 Bxd2+ 25. Kxd2 Ng5 26. Rxf8+ Nxf8 27. exd5 cxd5 28. Bxd5 {Hoping for Ne4.} Nfe6 29. Bxe6+ Nxe6 $11 {[%mdl 4096] Endgame KRN-KRN} 30. d5 Ng5 31. Rf5 Nxh3 32. Ne4 g5 $1 33. Rf7 {Threatens to win with Nd6+.} Rd8 (33... Nf4 $1 $11 {keeps the balance.}) 34. d6 $16 Rd7 35. Rf8+ (35. Rf6 $16) 35... Rd8 $11 36. Rf7 Rd7 $1 {[%cal Rd7f7]} 37. Rf6 Nf4 38. Nxg5 Nd5 39. Rh6 b6 {[#]} (39... Rd8 $14) 40. Kd3 (40. Nf3 $1 $18 {is more deadly.}) 40... Kb7 ({Black should try} 40... Rg7 41. Ne4 Nb4+ 42. Kd4 Rg4) 41. Nf3 {Strongly threatening Ke4.} Ne7 42. Ke4 {Black must now prevent Rh7.} Nc8 (42... Nc6 $16 43. Kd5 Ne7+ 44. Ke5 Nc6+ 45. Ke6 Rg7) 43. Ke5 $18 Kc6 $2 (43... a5 44. Nd4 Na7) 44. Nd4+ Kc5 (44... Kb7 $142 45. Kd5 b5 46. Nxb5 Nb6+ 47. Ke6 Rg7) 45. Rh3 {[#] Rc3+ would kill now.} Nxd6 46. Rc3+ Kb4 47. Ke6 Rh7 48. Kxd6 {White wants to mate with Rc4+.} Rh2 49. Rc4+ {Precision: White = 60%, Black = 47%.} 1-0

[Event "TUR-chT Superleague 2018"]
[Site "Ankara"]
[Date "2018.08.01"]
[Round "8"]
[White "Alekseenko, Kirill"]
[Black "Unat, Can Haktan"]
[Result "1-0"]
[WhiteElo "2635"]
[BlackElo "2159"]
[Annotator "TA"]
[PlyCount "85"]
[EventDate "2018.07.25"]
[EventType "team-tourn"]
[EventCountry "TUR"]
[SourceTitle "playchess.com"]
[Source "ChessBase"]
[SourceQuality "1"]

{[%evp 13,85,19,21,-2,35,22,14,15,5,0,13,8,9,18,33,20,20,24,8,26,9,16,54,56,47,43,43,36,43,43,40,31,31,32,47,50,55,60,61,58,57,53,83,56,68,41,44,52,57,64,243,240,233,210,600,598,585,581,568,550,29987,29988,29988,29989,29992,29993,29993,29994,29994,29995,29995,29996,29996,29997]} 1. e4 c5 2. Nc3 {[%cal Bb1c3,Bc3d1,Bd1e3,Be3d5][%mdl 32]} e6 3. g3 d5 4. d3 Nf6 5. Bg2 dxe4 6. dxe4 Qxd1+ 7. Nxd1 Nc6 {LiveBook: 13 Games} 8. Ne2 {B23: Closed Sicilian: Lines without g3} Be7 (8... Nb4 9. Ne3 Ng4 10. Nxg4 Nxc2+ 11. Kd1 Nxa1 12. Nc3 Bd7 13. Ne5 b5 14. Nxd7 {1-0 (50) Vokac,M (2451)-Navara,D (2646) Pardubice 2008}) 9. f4 e5 10. c3 $146 {The position is equal.} ({Predecessor:} 10. h3 O-O 11. O-O Be6 12. Ne3 Nd4 13. Nxd4 exd4 14. f5 dxe3 15. fxe6 fxe6 16. Bxe3 {0-1 (40) Backs,M-Berger,T (2275) Germany 1993}) 10... b6 11. Ne3 Bb7 12. Nd5 {Black should prevent Nc7+.} O-O 13. O-O exf4 14. Bxf4 Rae8 15. Rad1 {[%cal Ba1d1,Bd1d7,Bd7c7][%mdl 32]} c4 16. Nxf6+ Bxf6 17. Rd7 Bc8 18. Rc7 $1 {[%cal Rc7c6]} Bg4 19. Rxc6 Bxe2 20. Re1 Bd3 21. Bd6 Be7 22. e5 Bxd6 $1 23. Rxd6 Bf5 24. Bd5 Be6 25. Re4 b5 26. Kf2 Re7 27. Ke3 Rc8 28. Rd4 Bh3 29. Kf4 g5+ $1 30. Kxg5 Rxe5+ 31. Kh6 Bf5 $2 {[#]} ({Better is} 31... Kf8 $1 $14) 32. g4 $18 {[%cal Bg3g4,Bg4g5][%mdl 32]} Bg6 33. h4 {[%cal Bh2h4,Bh4h5][%mdl 32] And now h5 would win.} Rf8 $2 (33... Kf8 34. Rd7 Rc5) 34. Rf4 Re7 35. h5 Bd3 36. g5 Kh8 {[#]} 37. Rxf7 $1 {[%mdl 512] White mates.} Rexf7 38. Bxf7 {KRB-KRB} a5 39. g6 hxg6 40. hxg6 Bxg6 41. Kxg6 Rc8 42. Re6 b4 43. Re5 {Precision: White = 87%, Black = 47%.} 1-0

[Event "TUR-chT Superleague 2018"]
[Site "Ankara"]
[Date "2018.08.01"]
[Round "8"]
[White "Yilmaz, Mustafa"]
[Black "Zeydan, Salih"]
[Result "1-0"]
[WhiteElo "2630"]
[BlackElo "2061"]
[Annotator "TA"]
[PlyCount "129"]
[EventDate "2018.07.25"]
[EventType "team-tourn"]
[EventCountry "TUR"]
[SourceTitle "playchess.com"]
[Source "ChessBase"]
[SourceQuality "1"]

{[%evp 19,129,10,31,8,17,0,16,0,6,9,23,30,20,18,23,18,29,27,11,0,64,64,53,14,64,12,6,2,0,-179,-21,-22,-21,-22,0,-14,8,0,31,23,55,58,47,46,59,49,52,59,66,55,86,81,139,70,113,40,52,65,72,79,115,108,110,73,135,139,178,176,178,169,190,179,258,244,259,247,326,336,412,377,442,444,442,437,422,370,352,352,324,264,12841,12841,12842,12840,12840,12841,12843,12843,12844,12844,12845,12845,12845,12842,12846,12846,12847,12847,12847,12848,12848,12849]} 1. d4 Nf6 2. c4 e6 3. Nf3 Bb4+ 4. Bd2 a5 5. Nc3 b6 6. e3 O-O 7. Bd3 Bb7 8. Qc2 {E11: Bogo-Indian} (8. O-O d6 9. Qe2 Bxc3 10. Bxc3 Be4 11. Nd2 Bxd3 12. Qxd3 Nbd7 13. e4 e5 14. Rfe1 Nh5 15. Nf1 Qg5 16. Rad1 {½-½ (71) Eljanov,P (2712)-Moiseenko,A (2679) Kiev 2011}) 8... d5 9. cxd5 exd5 10. O-O Nbd7 {LiveBook: 8 Games} 11. Rac1 c5 $146 ({Predecessor:} 11... Qe7 12. a3 Bxc3 13. Bxc3 Ne4 14. Nd2 f5 15. Rce1 {½-½ (74) Sanikidze,T (2559)-Harutjunyan,G (2504) Tbilisi 2009}) 12. dxc5 Nxc5 13. Rfd1 Nxd3 14. Qxd3 Ne4 15. Be1 {[%cal Rc3d5]} Rc8 16. Nd4 Qf6 17. f3 Nd6 18. Na4 Bc5 19. Nb3 {[%cal Rb3c5] [#]} Nc4 (19... Ba6 $1 $11 {[%mdl 512]} 20. Qxa6 Bxe3+ 21. Kh1 Bxc1 22. Nxc1 Nc4) 20. Nbxc5 $14 bxc5 21. Bc3 Qg5 22. Re1 (22. h4 $1 $14 Qxe3+ 23. Qxe3 Nxe3 24. Re1) 22... Rfe8 $36 {[%cal Rc4e3][%mdl 2048] Black has the initiative.} 23. e4 {next exd5 is good for White.} dxe4 24. fxe4 $2 {[#]} (24. Qxc4 $11 {and White has nothing to worry.} exf3 25. Rc2) 24... Bxe4 $2 (24... Rxe4 $1 $19 {[%mdl 512]} 25. Rc2 (25. Rxe4 Bxe4) 25... Ne5) 25. Qg3 Qxg3 26. hxg3 Nd6 27. Rcd1 Nf5 28. Nxc5 Bc6 29. Bxa5 h5 30. Kf2 (30. a4 {with more complications.} Nxg3 31. Rxe8+ Rxe8 32. Rd6 Rc8 33. b4) 30... Rxe1 31. Bxe1 Bxg2 32. b4 Bc6 33. a4 Nh6 34. Ke2 Ng4 35. Kd2 Kf8 ({Black should try} 35... g5) 36. Ra1 (36. Rc1 $16) 36... Ke7 {[#]} 37. Kc3 (37. Rc1 $1 $16) 37... g5 $14 38. Kb2 Ne3 39. b5 Bf3 40. Rc1 Nd5 41. Bf2 Ra8 (41... f6 $142) 42. Kb3 $16 f5 43. Re1+ Kf7 44. Nd7 Be4 45. b6 {Strongly threatening b7.} Nxb6 (45... Nf6 {was necessary.}) 46. Nxb6 $18 ({Don't play} 46. Bxb6 h4 $18) 46... Rh8 47. Nc4 Bd5 {intending ...Rb8+.} 48. Kb4 h4 49. gxh4 gxh4 50. Nd6+ Kg6 {If Black can now play ...h3 this consolidates a bit.} 51. Rg1+ Kh5 52. Be3 Rg8 53. Rxg8 ({Don't do} 53. Nxf5 Rg4+ 54. Bd4 h3 $18) 53... Bxg8 54. Nxf5 h3 $2 (54... Kg4 55. Nh6+ Kf3) 55. Bg1 {White is clearly winning.} Kg5 56. Ne7 Bh7 57. Bh2 Kf6 58. Nc6 Be4 59. Kc5 Ke6 60. a5 {[%cal Ba4a5,Ba5a6,Ba6a7][%mdl 32]} Kd7 61. Nb8+ Kc8 62. a6 Bd3 63. Kb6 {Threatening mate with a7.} Be4 64. a7 {Intending Nc6 and mate.} Ba8 65. Na6 {Precision: White = 63%, Black = 29%.} 1-0

[Event "TUR-chT Superleague 2018"]
[Site "Ankara"]
[Date "2018.08.01"]
[Round "8"]
[White "Rakhmanov, Aleksandr"]
[Black "Ali Marandi, Cemil Can"]
[Result "1-0"]
[WhiteElo "2629"]
[BlackElo "2540"]
[Annotator "TA"]
[PlyCount "81"]
[EventDate "2018.07.25"]
[EventType "team-tourn"]
[EventCountry "TUR"]
[SourceTitle "playchess.com"]
[Source "ChessBase"]
[SourceQuality "1"]

{[%evp 24,81,22,22,21,16,31,36,120,79,75,74,75,79,79,80,80,73,136,112,108,107,130,117,118,108,179,167,173,185,236,200,316,299,369,358,392,375,480,476,744,734,715,620,753,741,797,784,29984,12843,12843,12843,29988,29989,29991,29992,29996,29997,29998,29999]} 1. d4 d5 2. c4 c6 3. cxd5 cxd5 4. Nf3 Nf6 5. Nc3 Nc6 6. Bf4 Bf5 7. e3 e6 8. Qb3 Bb4 9. Ne5 {D14: Slav Defence: Exchange variation with ...Bf5} Qb6 10. Nxc6 bxc6 11. Be2 Ne4 12. f3 Nxc3 13. bxc3 {LiveBook: 25 Games} Be7 14. c4 Qxb3 15. axb3 c5 (15... g5 $14 16. Be5 f6) 16. cxd5 exd5 {[#]} 17. Bb5+ $146 Bd7 18. Ba6 O-O 19. Bb7 Rae8 {With the idea ...cxd4.} 20. Be5 Bg5 (20... f6 $142) 21. Kf2 f6 22. Bf4 {[#] Black must now prevent Bxg5.} Bxf4 23. exf4 cxd4 24. Rxa7 Kh8 (24... d3 $16) 25. Re1 $18 Rd8 26. Re7 Bf5 (26... Bb5 $142 27. Ra5 Bd3 28. Rxd5 (28. Bxd5 h6 $16) 28... Rxd5 29. Bxd5 g6) 27. g4 Bc2 (27... Bd3 $142 28. Ra2 Bg6) 28. b4 {[%cal Bb3b4,Bb4b5,Bb5c6][%mdl 32]} h5 29. Bc6 hxg4 30. fxg4 d3 {[#] aiming for ...d2.} 31. Ke3 Rd6 (31... Rg8 $142 32. b5 Rb8) 32. b5 Rb8 33. Kd2 d4 34. h4 f5 35. g5 {[%cal Bg4g5,Bg5g6][%mdl 32]} Rxc6 36. bxc6 {KRR-KRB} Rb1 37. Re1 Rb2 38. g6 {[%cal Re1e8] White mates.} Bb1+ 39. Kc1 {[%cal Re1e8]} d2+ 40. Kxb2 {[%cal Re1e8]} dxe1=Q 41. Ra8+ {Precision: White = 93%, Black = 26%.} 1-0

[Event "TUR-chT Superleague 2018"]
[Site "Ankara"]
[Date "2018.08.01"]
[Round "8"]
[White "Gledura, Benjamin"]
[Black "Erdogdu, Mert"]
[Result "1/2-1/2"]
[WhiteElo "2626"]
[BlackElo "2411"]
[Annotator "TA"]
[PlyCount "179"]
[EventDate "2018.07.25"]
[EventType "team-tourn"]
[EventCountry "TUR"]
[SourceTitle "playchess.com"]
[Source "ChessBase"]
[SourceQuality "1"]

{[%evp 19,179,23,23,23,20,11,23,12,34,16,36,36,22,0,0,-120,-15,-12,-34,-174,-175,-185,-148,-198,-203,-203,-98,-79,-85,-101,-104,-99,-104,-82,-76,-112,-108,-133,-127,-175,-175,-287,-212,-250,-250,-238,-183,-324,-304,-327,-326,-327,-311,-347,-347,-476,-347,-347,-339,-339,-339,-347,-347,-347,-216,-216,-216,-216,-173,-216,-216,-216,-166,-257,-216,-216,-216,-216,-160,-173,-173,-173,-173,-173,0,-173,-171,-216,-166,-166,-166,-166,-166,-166,-166,-166,-166,-166,-166,-166,-158,-158,-158,-158,0,-158,-158,-158,-158,-158,-158,-158,-158,-158,-158,-158,-158,-158,-158,-158,0,-158,-158,-158,-158,-158,-158,-158,-158,-158,0,-158,-158,-158,-158,-158,-158,-158,-158,-158,-158,-158,0,-158,-158,-158,-158,-166,-158,-158,-158,-158,0,-158,-158,-118,-124,-124,-124,-131,-131,-144]} 1. Nf3 d5 2. d4 e6 3. c4 c5 4. cxd5 exd5 5. g3 Nc6 6. Bg2 Nf6 7. O-O Be7 8. dxc5 Bxc5 9. Qc2 Bb6 10. Nc3 O-O {LiveBook: 25 Games} 11. Na4 {D30: Queen's Gambit Declined: Systems without Nc3} (11. Bg5 Be6 12. Na4 h6 13. Nxb6 axb6 14. Bxf6 Qxf6 15. Qb3 Ra6 16. Rac1 d4 17. Qb5 Rxa2 18. Rc2 d3 19. exd3 {½-½ (41) Wojtaszek,R (2744)-Mamedov,R (2704) Shamkir 2018}) 11... Re8 12. Nxb6 Qxb6 13. b3 $146 {White has an edge.} ({Predecessor:} 13. Bg5 Ng4 14. h3 Nge5 15. Nxe5 Rxe5 16. Qd2 h6 17. Bf4 Re8 18. Rfd1 Be6 {½-½ (46) Bevans,P (1424)-Clancey,J (1956) ICCF email 2016}) 13... Be6 14. Bb2 d4 15. Rad1 {[%cal Rf3d4]} Rad8 16. Ng5 Bg4 17. Rfe1 (17. Nf3 $11 {remains equal.}) 17... h6 (17... d3 $1 $17 {[%cal Rd3c2]} 18. exd3 (18. Qc4 $2 Rxe2 19. Rf1 Rxb2 $19) 18... Bxd1 19. Qxd1 Rxe1+ 20. Qxe1 h6) 18. Nf3 $11 Ne4 {And now ...Nxf2! would win.} 19. e3 ({White should try} 19. Rf1 $15) 19... Nb4 $19 20. Qb1 {[%cal Re3d4]} d3 $36 {[%mdl 2048] White is under strong pressure.} 21. Nd4 {With the idea f3.} Bxd1 22. Rxd1 Qa5 (22... Qg6 $1 $19 23. a3 {[#]} Nc2 $1 {[%mdl 512]} 24. Rxd3 Nxf2 $1 {[%mdl 512]}) 23. a3 $17 {[#]} Nc2 $1 {Hoping for ...Nxf2!} 24. b4 (24. Nxc2 Nxf2) 24... Qh5 25. Rxd3 Nxd4 26. Bxd4 {Bxe4 would now be nice for White.} Qf5 27. Bxe4 Qxe4 28. b5 a6 29. a4 Rc8 30. Rb3 (30. Qd1 $142) 30... Qf3 31. bxa6 bxa6 32. a5 Rc6 33. h4 (33. Qf1 $142) 33... Rec8 $19 {( -> ...Rc1+)} 34. Rb8 h5 35. Rxc8+ Rxc8 {[%mdl 4096] Endgame KQR-KQB} 36. Qf1 Rc2 37. Qg2 Qxg2+ 38. Kxg2 {KR-KB} Ra2 39. Bb6 f6 40. Kf3 Kf7 41. e4 Ke6 42. Kf4 Ra4 43. f3 Ra1 44. Bd8 Rc1 45. Bb6 Rc8 46. Bd4 (46. g4 {keeps fighting.}) 46... Rc4 47. Bb6 Rb4 48. g4 Rb5 49. Bd8 g6 {[%cal Bg7g6,Bg6f5,Bf5f4][%mdl 32]} 50. Bb6 Kd7 51. Kg3 Ke6 52. Kf4 Rb1 53. g5 f5 54. exf5+ gxf5 55. Kg3 Rb4 56. Bc7 Ra4 57. Bb6 f4+ 58. Kg2 Ra2+ 59. Kf1 Rc2 60. Kg1 Kd5 61. Kf1 Ke6 62. Kg1 $1 Rc6 63. Kf2 Kf5 64. Kf1 Rc3 65. Kf2 Ra3 66. Kg2 Ra2+ 67. Kf1 Rc2 68. Bd8 Rh2 69. Bb6 {intending Bf2.} Rc2 (69... Rxh4 70. Kg2 $16) 70. Bd8 $1 Rc8 71. Bb6 Re8 72. Kf2 Re7 73. Kf1 Re6 74. Kf2 Rc6 75. Kf1 $1 Ke5 76. Kf2 Kd5 77. Ba7 Rc8 78. Bb6 Kc4 79. Ke2 Rc6 80. Ba7 Rc8 81. Bb6 Kc3 82. Kf2 Kd3 83. Kf1 Rc2 84. Ba7 Rc1+ 85. Kf2 Rc2+ 86. Kf1 $1 Rc7 87. Bb6 Rc6 88. Kf2 Rc2+ 89. Kf1 Rc1+ 90. Kf2 {Precision: White = 60%, Black = 67%.} 1/2-1/2

[Event "TUR-chT Superleague 2018"]
[Site "Ankara"]
[Date "2018.08.01"]
[Round "8"]
[White "Zubov, Alexander"]
[Black "Jakovenko, Dmitry"]
[Result "1/2-1/2"]
[WhiteElo "2604"]
[BlackElo "2748"]
[Annotator "TA"]
[PlyCount "63"]
[EventDate "2018.07.25"]
[EventType "team-tourn"]
[EventCountry "TUR"]
[SourceTitle "playchess.com"]
[Source "ChessBase"]
[SourceQuality "1"]

{[%evp 13,63,21,21,0,0,0,0,0,6,0,0,-7,-13,-11,0,0,0,-7,0,0,0,10,12,0,0,0,10,0,0,0,18,20,5,0,0,-8,-9,-9,-7,-11,0,-2,0,0,0,-22,0,0,0,-17,-17,-18]} 1. e4 e5 2. Nf3 Nc6 3. Bb5 a6 4. Ba4 Nf6 5. Bxc6 dxc6 6. d3 Nd7 7. O-O {C77: Ruy Lopez: 3...a6 4 Ba4 Nf6, unusual lines} (7. Nbd2 c5 8. Nc4 f6 9. O-O Nb6 10. Ne3 Be6 11. b3 g5 12. Bb2 Qd7 13. a4 Rd8 14. Nd2 h5 15. Ndc4 {1-0 (62) Bartel,M (2664)-Korobov,A (2693) Wroclaw 2014}) 7... Bd6 {LiveBook: 19 Games. The position is equal.} 8. Nc3 O-O 9. Be3 $146 ({Predecessor:} 9. Ne2 f6 10. Ng3 Rf7 11. d4 Qe8 12. Re1 exd4 13. Nxd4 Ne5 14. Ndf5 Bb4 {0-1 (51) Bozanic,I (2303)-Nikolac,J (2449) Split 2000}) 9... Re8 10. Nd2 b5 11. a4 {Threatening axb5.} Rb8 12. Ba7 Rb7 {[#] Strongly threatening ...b4.} (12... Ra8 $5 13. Be3 $8 Rb8 $11) 13. Be3 Rb8 14. Ba7 Rb7 {aiming for ...b4.} 15. Be3 c5 16. Nb3 c6 17. axb5 axb5 18. Qd2 Qe7 19. Ne2 Nb6 20. f4 exf4 $1 21. Bxf4 Rc7 22. Bxd6 Qxd6 23. Qf4 Qxf4 24. Rxf4 c4 25. Nc5 Nd7 26. Nxd7 Bxd7 27. Kf2 cxd3 28. cxd3 c5 29. Nc3 Rb7 30. Ke3 c4 31. dxc4 bxc4 32. Rd1 {Precision: White = 54%, Black = 56%.} 1/2-1/2

[Event "TUR-chT Superleague 2018"]
[Site "Ankara"]
[Date "2018.08.01"]
[Round "8"]
[White "Nihal Sarin"]
[Black "Zhigalko, Sergei"]
[Result "1/2-1/2"]
[WhiteElo "2556"]
[BlackElo "2615"]
[Annotator "TA"]
[PlyCount "60"]
[EventDate "2018.07.25"]
[EventType "team-tourn"]
[EventCountry "TUR"]
[SourceTitle "playchess.com"]
[Source "ChessBase"]
[SourceQuality "1"]

{[%evp 14,60,22,12,23,20,20,14,9,5,29,29,30,20,27,14,31,27,27,20,37,31,11,9,37,34,37,34,37,44,58,64,44,53,78,36,41,33,68,19,29,0,0,0,9,0,3,18,28]} 1. Nf3 Nf6 2. c4 e6 3. Nc3 Bb4 4. Qc2 O-O 5. a3 Bxc3 6. Qxc3 d6 7. b4 {A17: Englische Eröffnung} e5 8. g3 {LiveBook: 7 Partien} Bd7 $146 ({Vorgänger:} 8... c5 9. Bb2 Nc6 10. Bg2 Re8 11. O-O Bg4 12. e3 Qd7 13. b5 Ne7 14. Ng5 h6 {½-½ (43) Lafarga Santorroman,D (2643)-Busemann,S (2606) ICCF email 2012}) 9. d3 {Weiß hat minimalen Vorteil.} e4 10. dxe4 Nxe4 11. Qd4 Re8 12. Bb2 {[%csl Gb2][%cal Rd4g7] [#]} f6 13. Bg2 Nc6 14. Qd5+ Kh8 15. h4 Qe7 16. O-O Nd8 17. Qd4 Nf7 18. Rad1 Nh6 19. Nd2 {[%cal Rd2e4]} Bc6 20. Nxe4 Bxe4 21. f3 {[%cal Rd4e4]} Bc2 {[%cal Be4c2,Bc2a4,Ba4d7,Bd7e6][%mdl 32]} 22. Rd2 Ba4 23. e4 a6 24. Rc1 Nf7 25. Qc3 $36 {[%mdl 2048] Weiss kämpft um Vorteil.} c5 26. Bf1 Bd7 27. bxc5 dxc5 {Die Stellung ist ausgeglichen.} 28. Qa5 Be6 29. Rcd1 h6 30. Qb6 Rac8 {Precision: Weiß = 66%, Schwarz = 42%.} 1/2-1/2

[Event "TUR-chT Superleague 2018"]
[Site "Ankara"]
[Date "2018.08.01"]
[Round "8"]
[White "Triapishko, Alexandr"]
[Black "Mchedlishvili, Mikheil"]
[Result "1/2-1/2"]
[WhiteElo "2502"]
[BlackElo "2608"]
[Annotator "ChessBase"]
[PlyCount "61"]
[EventDate "2018.07.25"]
[EventType "team-tourn"]
[EventCountry "TUR"]
[SourceTitle "playchess.com"]
[Source "ChessBase"]
[SourceQuality "1"]
[TimeControl "40/5400+30:1800+30"]

1. e4 c5 2. Nf3 e6 3. d4 cxd4 4. Nxd4 Nc6 5. Nc3 Qc7 6. g3 a6 7. Bg2 Nf6 8. O-O d6 9. Nxc6 bxc6 10. Na4 Rb8 11. c4 c5 12. Qe2 Be7 13. b3 Nd7 14. Bb2 O-O 15. f4 Bb7 16. Rae1 Bc6 17. Bc3 Rfe8 18. Nb2 Qb7 19. Nd3 f5 20. Bf3 fxe4 21. Bxe4 Bxe4 22. Qxe4 Qxe4 23. Rxe4 Bf6 24. Bxf6 Nxf6 25. Re2 Kf7 26. Kg2 {[%emt 1:31:37]} g6 {[%emt 1:25:18]} 27. Ne5+ {[%emt 0:04:09]} Kg7 {[%emt 0:00:08]} 28. Nd3 {[%emt 0:01:06]} Kf7 {[%emt 0:00:30]} 29. Ne5+ {[%emt 0:00:30]} Kg7 {[%emt 0:00:30]} 30. Nd3 {[%emt 0:00:30]} Kf7 {[%emt 0:00:30]} 31. Ne5+ {[%emt 0:00:00]} 1/2-1/2